| 000 | 00477nam a2200181Ia 4500 | ||
|---|---|---|---|
| 003 | OSt | ||
| 005 | 20230628150433.0 | ||
| 008 | 210423s9999 xx 000 0 und d | ||
| 040 | _cAL | ||
| 041 | _aeng | ||
| 082 |
_a303.484 _223 _bKOHV |
||
| 100 |
_aKOHLI (Madhu). _9114927 |
||
| 245 | _aVoluntary action in india. | ||
| 260 |
_aNew Delhi _bNational Institute of Public Cooperation _c2002 |
||
| 365 |
_b19 _cINR |
||
| 906 | _aaction ; india. ; Voluntary | ||
| 942 |
_2ddc _cBK |
||
| 999 |
_c173392 _d173392 |
||